000 00836nam a22002297a 4500
999 _c8172
_d8172
003 AR-CdUCM
008 190322b ||||| |||| 00| 0 spa d
040 _aMUNICIPALIDAD PROVINCIAL DEL CUSCO
_cBIBLIOTECA MUNICIPAL DEL CUSCO
041 _hfre
082 _a335.41 /
_bM43
100 _aMerleau-Ponty, Maurice
_923052
245 _aLas aventuras de la dialéctica /
260 _aArgentina :
_bEdiciones Levitan,
_c1957.
300 _a259 páginas ;
_c19 cm.
505 _aContenido: La crisis del entendimiento -- El marxismo occidental -- Pravda -- La dialéctica en acción -- Sartre y el ultra-bolcheviquismo.
650 _aMaterialismo dialéctico
_96846
650 _aComunismo
_9495
650 _aMaterialismo histórico
_94121
700 _aRozitchner, León (traducción)
_917106
942 _2ddc
_cLIBROS
945 _aachl